Norwegian Wood (This Bird Has Flown) - The Beatles Lyrics - Statistics

General Stats
  • This quiz has been taken 104 times
  • The average score is 94 of 115
Answer Stats
Answer % Correct
norwegian
98%
wood
98%
a
96%
her
95%
I
95%
it
95%
me
95%
she
95%
girl
93%
good
93%
on
93%
isn't
91%
once
91%
say
91%
should
91%
the
91%
to
91%
and
89%
had
89%
or
89%
when
89%
was
88%
told
84%
showed
82%
room
80%
so
80%
in
79%
chair
77%
sat
77%
sit
75%
there
75%
wasn't
75%
around
73%
looked
73%
said
73%
anywhere
71%
bath
71%
bed
71%
time
71%
drinking
70%
for
70%
noticed
70%
sleep
70%
we
70%
awoke
68%
my
68%
wine
68%
it's
66%
started
66%
then
66%
alone
64%
laugh
64%
morning
64%
talked
63%
asked
61%
worked
61%
didn't
59%
stay
59%
two
59%
bird
57%
flown
57%
this
57%
until
57%
biding
55%
rug
55%
fire
52%
lit
52%
crawled
46%
off
38%
No matching quizzes found
Score Distribution
Percent of People with Each Score
Percentile by Number Answered
Your Score History
You have not taken this quiz